LIBRARY & INFORMATION CENTRE, KCAET, TAVANUR

ONLINE PUBLIC ACCESS CATALOGUE (OPAC)

Engineering administration (Record no. 1555)

MARC details
000 -LEADER
fixed length control field 00380cam a2200169ua 4500
041 ## - LANGUAGE CODE
Language code of text/sound track or separate title eng
082 ## - DEWEY DECIMAL CLASSIFICATION NUMBER
Classification number 620
Item number RYA/EN
100 ## - MAIN ENTRY--AUTHOR NAME
Personal name Ryam, Paul W S .
245 ## - TITLE STATEMENT
Title Engineering administration
260 ## - PUBLICATION, DISTRIBUTION, ETC. (IMPRINT)
Place of publication :
Name of publisher Angus and rebertein ,
Year of publication 1959.
300 ## - PHYSICAL DESCRIPTION
Number of Pages 78 ; .
942 ## - ADDED ENTRY ELEMENTS (KOHA)
Koha item type Books
Holdings
Withdrawn status Lost status Damaged status Home library Current library Date acquired Full call number Accession Number Koha item type
      KAUAET KAUAET 07/04/2012 620 RYA/EN 3932 Books
free website counter